[Event "AUTO-MASTER-1653"]
[Site "http://www.queenalice.com/game.php?id=1060489"]
[Date "2012.5.16"]
[Round "1"]
[White "Harir"]
[Black "adyo"]
[Result "1-0"]
[WhiteElo "2272"]
[BlackElo "1803"]

1. e4 e6 2. d4 d5 3. e5 c5 4. Nf3 cxd4 5. Nxd4 Bc5 6. Nc3 Ne7 7. Bb5+ Nbc6 8.
Be3 O-O 9. Nxc6 bxc6 10. Bxc6 Nxc6 11. Bxc5 Re8 12. O-O Nxe5 13. Qe2 Ng6 14.
Rfe1 Bd7 15. Qe3 Qc7 16. Rad1 a5 17. f3 Rac8 18. Bb6 Qb7 19. Re2 f6 20. Bxa5
Qxb2 21. Rb1 Qa3 22. Bb4 Qa6 23. Rd2 Ne5 24. Rdd1 Rc4 25. a3 Rec8 26. Rb2 Be8
27. Qe1 Bh5 28. Qe3 Bxf3 29. Rd2 Bh5 30. Qh3 Bg6 31. Qe3 Rxc3 32. Bxc3 Qxa3 33.
Qb6 Qxc3 34. Rb3 Qc6 35. Qxc6 Rxc6 36. c3 Nc4 37. Ra2 Rc7 38. Rb8+ Kf7 39. Rba8
Bd3 40. R8a7 Rxa7 41. Rxa7+ Kg6 42. Kf2 1-0

[Event "Challenge"]
[Site "http://www.queenalice.com/game.php?id=1073440"]
[Date "2012.6.18"]
[Round "-"]
[White "leoskye"]
[Black "Harir"]
[Result "0-1"]
[WhiteElo "2040"]
[BlackElo "2273"]

1. d4 d5 2. c4 Nf6 3. Nc3 e6 4. e3 Bb4 5. Bd3 O-O 6. Nf3 Nc6 7. a3 dxc4 8. Bxc4
Bd6 9. O-O e5 10. dxe5 Bxe5 11. Qxd8 Rxd8 12. Nxe5 Nxe5 13. Be2 Bg4 14. f3 Be6
15. Nb5 Rd7 16. b4 Bc4 17. Bxc4 Nxc4 18. Nd4 a5 19. b5 Nd5 20. Nc2 Nc3 21. Nd4
Rd5 22. a4 h6 23. Kf2 Nb6 24. Bd2 Ncxa4 25. Rfc1 Nc5 26. Ke2 a4 27. Bb4 Nbd7 28.
Ba3 Re8 29. Rd1 f6 30. Kf2 f5 31. g3 g6 32. h3 h5 33. h4 Kf7 34. Ke2 Rde5 35.
Nc2 Ke6 36. Bb2 Rd5 37. Nd4+ Kf7 38. Kf2 Ne5 39. Kg2 Nc4 40. Bc1 Rxe3 41. Bxe3
Nxe3+ 42. Kf2 Nxd1+ 43. Rxd1 Nb3 44. Ke3 Rxd4 45. Rxd4 Nxd4 46. Kxd4 c5+ 47. Kc3
Ke6 48. Kc4 f4 49. gxf4 b6 50. Kc3 Kd5 51. Kd3 c4+ 52. Kc3 a3 0-1

[Event "AUTO-ELITE-1032"]
[Site "http://www.queenalice.com/game.php?id=1091943"]
[Date "2012.8.10"]
[Round "1"]
[White "Harir"]
[Black "Chandra"]
[Result "0-1"]
[WhiteElo "2303"]
[BlackElo "2603"]

1. e4 c5 2. Nf3 Nc6 3. Bc4 Nf6 4. Nc3 e6 5. O-O Nxe4 6. Nxe4 d5 7. d3 dxc4 8.
dxc4 Qxd1 9. Rxd1 e5 10. Be3 b6 11. Nd6+ Bxd6 12. Rxd6 Na5 13. b3 Nb7 14. Rd5 f6
15. Rad1 Be6 16. R5d2 Rd8 17. Rxd8+ Nxd8 18. h3 Nc6 19. Ne1 g5 20. Rd6 Nd8 21.
Kf1 Ke7 22. Rd1 Bf5 23. Ke2 Nc6 24. c3 h5 25. f3 g4 26. h4 g3 27. Rd2 Ke6 28.
Nc2 Rb8 29. f4 Bxc2 30. Rxc2 e4 31. Rb2 Rc8 32. Bc1 Ne7 33. Rd2 Nf5 34. Rd1 Rg8
35. Kf1 Rg4 36. Re1 Nd6 37. Kg1 Rxh4 38. Re3 Rg4 39. Re1 Rg7 40. Rd1 h4 41. Kf1
h3 42. gxh3 g2+ 43. Kg1 Nf5 44. Re1 Nh4 45. Rxe4+ Kf5 46. Re3 Rd7 47. Re1 Nf3+
48. Kxg2 Nxe1+ 49. Kf2 Nd3+ 50. Kg3 Nxc1 0-1

[Event "AUTO-ELITE-1032"]
[Site "http://www.queenalice.com/game.php?id=1091944"]
[Date "2012.8.10"]
[Round "1"]
[White "Chandra"]
[Black "Harir"]
[Result "1-0"]
[WhiteElo "2617"]
[BlackElo "2303"]

1. d4 d5 2. c4 Nf6 3. cxd5 Nxd5 4. Nf3 Bf5 5. Qb3 Nc6 6. Nbd2 Na5 7. Qa3 b6 8.
e4 e5 9. Qd3 Nb4 10. Qb1 Bg6 11. a3 exd4 12. axb4 Bxb4 13. Bb5+ c6 14. Rxa5 cxb5
15. Rxb5 Be7 16. Ne5 Qc7 17. O-O Bc5 18. b4 Bd6 19. Ndf3 O-O 20. Nxg6 hxg6 21.
Rd5 a5 22. bxa5 Rxa5 23. Rxd4 Bc5 24. Rd5 Rd8 25. Bf4 Qe7 26. Rfd1 Rxd5 27. exd5
Qe2 28. d6 Rb5 29. Qc1 Bxd6 30. Rxd6 Qe8 31. Qd1 Qe7 32. h4 f6 33. Nd4 Rc5 34.
Ne6 Rc8 35. Qd5 Kh8 36. Rd7 Qe8 37. Bh6 Kh7 38. Rxg7+ 1-0

[Event "AUTO-ELITE-1032"]
[Site "http://www.queenalice.com/game.php?id=1091945"]
[Date "2012.8.10"]
[Round "1"]
[White "Harir"]
[Black "juli1"]
[Result "1/2-1/2"]
[WhiteElo "2300"]
[BlackElo "2293"]

1. e4 b6 2. Nf3 Bb7 3. Nc3 e6 4. d4 Bb4 5. Bd3 Nf6 6. Qe2 d5 7. e5 Ne4 8. Bd2
Nxd2 9. Qxd2 c5 10. O-O Nc6 11. a3 Bxc3 12. Qxc3 Qe7 13. dxc5 bxc5 14. b3 O-O
15. Rfd1 a5 16. Qd2 a4 17. Qf4 axb3 18. cxb3 Ba6 19. Bxa6 Rxa6 20. Rdc1 Rfa8 21.
a4 Rb8 22. Rc3 d4 23. Rc2 Nb4 24. Rc4 Nd5 25. Qg5 Qa7 26. Ne1 Nc3 27. Nd3 Ra5
28. Qh4 h6 29. Nc1 Qb7 30. Qh3 Qd5 31. f4 Nd1 32. Rc2 Ne3 33. Rd2 Qe4 34. Qg3 c4
35. bxc4 Nxc4 36. Rda2 Rb1 37. Qf2 Ne3 38. Qf3 Qd3 39. Rxb1 Qxb1 40. Qc6 Nd5 41.
Qc2 Qxc2 42. Rxc2 Rxa4 43. Nd3 Kh7 44. Kf2 Ra3 45. Rd2 Kg6 46. Nc5 Rc3 47. Ne4
Rc4 48. Nd6 Rb4 49. g3 f6 50. Ke2 Ne3 51. Kd3 f5 52. Ra2 Nd5 53. Ra7 Rb1 54. Ne8
Rd1+ 55. Kc4 h5 56. Rxg7+ Kh6 57. Ra7 Ne3+ 58. Kc5 d3 59. Kd4 Nc2+ 60. Kc3 Ne3
61. Ra6 Kg6 62. Nc7 h4 63. Nxe6 hxg3 64. hxg3 Kh5 65. Rd6 Kg4 66. Rxd3 Nd5+ 67.
Kc2 Rxd3 68. Kxd3 Kxg3 69. Kd4 Ne7 70. Nc7 Kxf4 71. Nd5+ Nxd5 72. Kxd5 Kg3 73.
e6 f4 74. e7 f3 75. e8=Q f2 76. Qe2 Kg2 77. Ke4 Kg1 78. Qe3 Kh1 79. Qh3+ Kg1 80.
Qg3+ Kh1 81. Qh3+ Kg1 82. Qe3 Kh1 83. Qf4 Kg1 84. Qg4+ Kh1 85. Qf5 Kg1 86. Qg5+
Kh1 87. Qc1+ Kg2 88. Qb2 Kg1 89. Qg7+ Kh1 90. Qh7+ Kg1 91. Qa7 Kh1 92. Qa1+
1/2-1/2

[Event "AUTO-ELITE-1032"]
[Site "http://www.queenalice.com/game.php?id=1091946"]
[Date "2012.8.10"]
[Round "1"]
[White "juli1"]
[Black "Harir"]
[Result "1/2-1/2"]
[WhiteElo "2288"]
[BlackElo "2303"]

1. d4 d5 2. c4 Nf6 3. cxd5 Nxd5 4. e4 Nf6 5. e5 Nd5 6. Bc4 Nc6 7. Nf3 Nb6 8. Bb5
Bd7 9. Nc3 e6 10. a3 Be7 11. O-O O-O 12. Qc2 Na5 13. Bd3 h6 14. b4 Nc6 15. Be3
a5 16. b5 Na7 17. a4 c6 18. Bh7+ Kh8 19. Bd3 cxb5 20. axb5 Bb4 21. Rfc1 Qe8 22.
Bd2 Nxb5 23. Nxb5 Bxb5 24. Bxb4 Bxd3 25. Qxd3 axb4 26. h3 Qd7 27. Nd2 Nd5 28.
Nb3 b5 29. Nc5 Rxa1 30. Rxa1 Qc6 31. Ra6 Qc7 32. Qxb5 Rb8 33. Qe2 Kg8 34. Qf3
Qe7 35. Qb3 Qg5 36. Nd3 Nf4 37. Nxf4 Qxf4 38. Qb2 Rc8 39. Ra1 Rc4 40. Rd1 g5 41.
Kf1 Kg7 42. Kg1 Kf8 43. Rd2 Ke7 44. Rd1 Kf8 45. Rd2 Ke7 46. Kf1 h5 47. Kg1 Kf8
48. Rd1 Qe4 49. Qa1 Qc2 50. d5 b3 51. dxe6 b2 52. Qa8+ Kg7 53. e7 Rc8 54. Qf3
Qxd1+ 55. Qxd1 Rc1 56. e8=Q Rxd1+ 57. Kh2 b1=Q 58. Qe7 Rh1+ 59. Kg3 Qd3+ 60. f3
Qd2 61. Qf6+ Kg8 62. Qb6 Qe1+ 63. Qf2 h4+ 64. Kg4 Qxf2 65. e6 Qxg2+ 66. Kf5
Qxf3+ 67. Ke5 Rd1 68. exf7+ Kxf7 1/2-1/2

[Event "AUTO-MASTER-1711"]
[Site "http://www.queenalice.com/game.php?id=1092111"]
[Date "2012.8.10"]
[Round "1"]
[White "rpalmero"]
[Black "Harir"]
[Result "0-1"]
[WhiteElo "2009"]
[BlackElo "2300"]

1. c4 e5 2. Nc3 Nf6 3. e3 Bb4 4. a3 Be7 5. Qc2 O-O 6. Nf3 Nc6 7. b4 d6 8. Bb2
Bg4 9. Be2 Qd7 10. h3 Bf5 11. Bd3 Bxd3 12. Qxd3 Rad8 13. Nd5 e4 14. Nxf6+ Bxf6
15. Qxe4 Bxb2 16. Ra2 Rfe8 17. Qc2 Bf6 18. O-O d5 19. cxd5 Qxd5 20. d4 a5 21.
Rb1 axb4 22. axb4 Be7 23. b5 Nb4 24. Rxb4 Bxb4 25. Rb2 Qd6 26. Qc4 Ba5 27. Ra2
Bb6 28. Ne5 Rxe5 29. dxe5 Qxe5 30. Qd3 c6 31. Qe2 Qxb5 32. Qxb5 cxb5 33. Rb2 Rd5
34. Kh2 Kf8 35. g4 Ba5 36. Kg3 Bc3 37. Rb3 b4 38. f4 Rd1 39. e4 Rd3+ 40. Kh4
Be1+ 41. Kg5 Rxb3 0-1

[Event "AUTO-MASTER-1711"]
[Site "http://www.queenalice.com/game.php?id=1092112"]
[Date "2012.8.10"]
[Round "1"]
[White "Harir"]
[Black "rpalmero"]
[Result "1-0"]
[WhiteElo "2298"]
[BlackElo "1931"]

1. e4 c5 2. Nf3 e6 3. Bb5 a6 4. Be2 Nc6 5. O-O Nf6 6. Nc3 Qc7 7. d4 cxd4 8. Nxd4
b5 9. Nxc6 Qxc6 10. e5 Ng8 11. Bf3 d5 12. exd6 Qxd6 13. Bxa8 Nf6 14. Qxd6 Bxd6
15. Bc6+ Ke7 16. Bg5 h6 17. Bxf6+ gxf6 18. Rad1 h5 19. Rfe1 Be5 20. Re3 h4 21.
b4 Rh5 22. a4 bxa4 23. Nxa4 Bd6 24. Red3 Bc7 25. Rd7+ Bxd7 26. Rxd7+ 1-0

[Event "AUTO-MASTER-1711"]
[Site "http://www.queenalice.com/game.php?id=1092123"]
[Date "2012.8.10"]
[Round "1"]
[White "vivafischer"]
[Black "Harir"]
[Result "0-1"]
[WhiteElo "2028"]
[BlackElo "2289"]

1. e4 e5 2. Nf3 Nc6 3. Bb5 Nf6 4. O-O Bd6 5. c3 O-O 6. Qe2 a6 7. Ba4 b5 8. Bb3
Na5 9. Bc2 Bb7 10. d3 c5 11. Bg5 h6 12. Bh4 Bc7 13. Nbd2 Qe7 14. Rfd1 d6 15. Nf1
Qe6 0-1

[Event "AUTO-MASTER-1711"]
[Site "http://www.queenalice.com/game.php?id=1092124"]
[Date "2012.8.10"]
[Round "1"]
[White "Harir"]
[Black "vivafischer"]
[Result "1-0"]
[WhiteElo "2278"]
[BlackElo "2243"]

1. e4 e6 2. Nf3 d5 3. exd5 exd5 4. d4 Bd6 5. Bd3 Ne7 6. O-O O-O 7. Bg5 f6 8. Bh4
Nbc6 9. c3 Bf5 10. Bxf5 Nxf5 11. Qb3 Bf4 12. g3 Bh6 13. g4 Nxh4 14. Nxh4 1-0

[Event "AUTO-MASTER-1711"]
[Site "http://www.queenalice.com/game.php?id=1092129"]
[Date "2012.8.10"]
[Round "1"]
[White "FabioSelinger"]
[Black "Harir"]
[Result "0-1"]
[WhiteElo "2009"]
[BlackElo "2293"]

1. e4 e5 2. Nf3 Nc6 3. Bc4 Bc5 4. b4 Bxb4 5. c3 Bd6 6. O-O Nf6 7. d4 Nxe4 8.
dxe5 Nxe5 9. Nxe5 Bxe5 10. Qd5 Qe7 11. Re1 Bxh2+ 12. Kf1 O-O 13. Rxe4 Qf6 14.
Ba3 d6 15. Qxf7+ Qxf7 16. Bxf7+ Rxf7 17. Re8+ Rf8 18. Rxf8+ Kxf8 19. g3 Bh3+ 20.
Ke2 Re8+ 21. Kf3 Re1 22. Bb2 g5 23. Nd2 g4+ 24. Kf4 Re2 25. Nf1 Rxf2+ 26. Ke3
Rxb2 27. Nd2 Bxg3 28. Ne4 Bh4 29. Rh1 d5 30. Nd2 Bg5+ 0-1

[Event "AUTO-MASTER-1711"]
[Site "http://www.queenalice.com/game.php?id=1092130"]
[Date "2012.8.10"]
[Round "1"]
[White "Harir"]
[Black "FabioSelinger"]
[Result "1-0"]
[WhiteElo "2296"]
[BlackElo "1975"]

1. e4 e6 2. d4 d5 3. e5 c5 4. Nf3 Nc6 5. Bb5 Bd7 6. O-O Nge7 7. dxc5 Nf5 8. Bg5
Be7 9. Bxe7 Nfxe7 10. Bxc6 Nxc6 11. c4 O-O 12. cxd5 exd5 13. Qxd5 Be6 14. Qd6
Qa5 15. Nd4 Nxd4 16. Qxd4 Rfd8 17. Qc3 Qc7 18. b4 Rac8 19. Nd2 b6 20. Ne4 Rd5
21. Nd6 Rd8 22. c6 b5 23. a4 a6 24. axb5 axb5 25. Ra5 h6 26. Rxb5 Rxb5 27. Nxb5
Qb6 28. Nd6 Qc7 29. b5 Rb8 30. Qg3 Qa5 31. Rc1 Qd2 32. Qc3 Qd5 33. c7 Rc8 34.
Nxc8 Bxc8 35. b6 Qb7 36. Rd1 Qxb6 37. Rd8+ Kh7 38. Qc2+ g6 39. Rxc8 1-0

[Event "Gruß aus Wiesbaden"]
[Site "http://www.queenalice.com/game.php?id=1111867"]
[Date "2012.10.12"]
[Round "-"]
[White "Harir"]
[Black "juli1"]
[Result "0-1"]
[WhiteElo "2300"]
[BlackElo "2241"]

1. e4 Nf6 2. Nc3 d6 3. Bc4 g6 4. Nf3 Bg7 5. O-O Nc6 6. d3 Bg4 7. Be3 Ne5 8. Qe2
Nxf3+ 9. gxf3 Bh3 10. Rfe1 c6 11. a3 a6 12. Qd2 d5 13. exd5 cxd5 14. Ba2 d4 15.
Bh6 dxc3 16. bxc3 O-O 17. Rab1 Qc7 18. Bxg7 Kxg7 19. Rb4 Ng8 20. Rc4 Qd6 21. Rh4
Bf5 22. a4 Qc6 23. Kg2 Rac8 24. Rc4 Qd6 25. Rd4 Qc5 26. Bc4 Nf6 27. Rh4 h5 28.
Qf4 Bd7 29. Re5 Qa3 30. Rhxh5 Rh8 31. Rxh8 Rxh8 32. h4 Qd6 33. Qd4 Bxa4 34. Qxd6
exd6 35. Re7 d5 36. Bb3 Bc6 37. c4 Rxh4 38. Kg3 Rh1 39. cxd5 Nxd5 40. Re4 Kf6
41. Bxd5 Bxd5 42. Rb4 b5 43. Kg2 Rc1 44. c4 bxc4 45. dxc4 Rxc4 46. Rb6+ Rc6 47.
Rb1 Ke5 48. Ra1 Rf6 49. Kf1 Bxf3 50. Ra5+ Bd5 51. Ke2 g5 52. Ra3 Rb6 53. Re3+
Kf4 54. Ra3 Rb2+ 55. Ke1 Ra2 56. Rd3 Ra1+ 57. Kd2 Be6 58. Rd6 Kf3 59. Kc3 Kxf2
60. Rd2+ Kf3 61. Rd3+ Kf4 62. Rd4+ Ke5 63. Rd8 g4 64. Kb2 Ra2+ 65. Kc1 g3 66.
Kb1 g2 67. Rd1 Rf2 68. Re1+ Kd4 69. Rd1+ Kc3 70. Rc1+ Kb3 71. Re1 Bf5+ 72. Kc1
Rc2+ 73. Kb1 Rc5+ 74. Ka1 Ra5# 0-1

[Event "AUTO-MASTER-1711"]
[Site "http://www.queenalice.com/game.php?id=1115390"]
[Date "2012.10.23"]
[Round "2"]
[White "jtomasia"]
[Black "Harir"]
[Result "0-1"]
[WhiteElo "2186"]
[BlackElo "2287"]

1. e4 e5 2. Nf3 Nc6 3. Bb5 Bc5 4. O-O Nf6 5. d3 d6 6. Nc3 O-O 7. Be3 Nd4 8. Bxd4
Bxd4 9. Nxd4 exd4 10. Ne2 c5 11. c3 a6 12. Ba4 dxc3 13. bxc3 b5 14. Bc2 Re8 15.
Ng3 d5 16. f3 h5 17. exd5 Nxd5 18. Qd2 b4 19. cxb4 Nxb4 20. Qc3 Qd4+ 21. Qxd4
cxd4 22. Bb3 Nxd3 23. Rad1 Re3 24. Nf5 Bxf5 25. Bc2 Rae8 26. Rd2 h4 0-1

[Event "AUTO-MASTER-1711"]
[Site "http://www.queenalice.com/game.php?id=1115391"]
[Date "2012.10.23"]
[Round "2"]
[White "Harir"]
[Black "jtomasia"]
[Result "1-0"]
[WhiteElo "2296"]
[BlackElo "2177"]

1. e4 e5 2. Nf3 Nc6 3. Bc4 Be7 4. O-O Nf6 5. d3 O-O 6. Be3 d6 7. Nc3 Ng4 8. Bd2
Be6 9. Nd5 Nf6 10. Qe2 Bxd5 11. exd5 Nb8 12. d4 Nbd7 13. Rae1 Re8 14. dxe5 dxe5
15. Bc3 Bd6 16. Nd2 e4 17. a3 Be5 18. Bxe5 Nxe5 19. Nxe4 Nxc4 20. Qxc4 Nxd5 21.
Nc5 Nb6 22. Qb5 c6 23. Rxe8+ Qxe8 24. Qa5 Qc8 25. Re1 1-0

[Event "AUTO-MASTER-1711"]
[Site "http://www.queenalice.com/game.php?id=1115392"]
[Date "2012.10.23"]
[Round "2"]
[White "denisan"]
[Black "Harir"]
[Result "1-0"]
[WhiteElo "2436"]
[BlackElo "2298"]

1. d4 d5 2. c4 Nf6 3. Nc3 dxc4 4. e3 e6 5. Nf3 c5 6. Bxc4 Bd6 7. dxc5 Bxc5 8.
O-O O-O 9. a3 a6 10. b4 Be7 11. Bb2 b5 12. Bd3 Bb7 13. Qe2 Nbd7 14. Rfd1 Rc8 15.
Ng5 h6 16. Nge4 Qb6 17. a4 bxa4 18. Nxa4 Qxb4 19. Ba3 Qxa3 20. Nxf6+ Nxf6 21.
Rxa3 Bxa3 22. Bxa6 Bxa6 23. Qxa6 Rfd8 24. Rxd8+ Rxd8 25. g3 Bf8 26. Nb2 Ne4 27.
Nd3 Rd5 28. Kg2 f6 29. Qxe6+ Kh8 30. Qxd5 Nc3 31. Qf7 Bd6 32. Qd7 Bf8 33. Qc8
Kg8 34. Qxc3 Be7 35. Qc4+ Kh8 36. Nf4 Ba3 37. Qf7 f5 38. Ne6 Bb2 39. Qe8+ Kh7
40. Nf8+ Kg8 41. Ng6+ Kh7 42. Ne7 f4 43. Qg8# 1-0

[Event "AUTO-MASTER-1711"]
[Site "http://www.queenalice.com/game.php?id=1115393"]
[Date "2012.10.23"]
[Round "2"]
[White "Harir"]
[Black "denisan"]
[Result "0-1"]
[WhiteElo "2276"]
[BlackElo "2495"]

1. e4 c6 2. Nf3 d5 3. exd5 cxd5 4. Bb5+ Bd7 5. Bxd7+ Nxd7 6. O-O e6 7. d4 Bd6 8.
c4 dxc4 9. d5 e5 10. Nbd2 Qc7 11. Qa4 Nf6 12. Nxc4 O-O 13. Be3 e4 14. Nxd6 Qxd6
15. Nd2 Qxd5 16. Rac1 Rfd8 17. h3 h6 18. Rc7 a6 19. Rfc1 b5 20. Qa5 Ne5 21. R1c5
Qd6 22. Qc3 Nfd7 23. Nxe4 Qd1+ 24. Kh2 Nxc5 25. Qxc5 Qd5 26. Qxd5 Rxd5 27. b3
Rd7 28. Rc3 Rdd8 29. Rc7 Nd3 30. Ng3 Rac8 31. Ra7 Rc2 32. Rxa6 Nxf2 33. Nf5 Nd3
34. Nd4 Rb2 35. Nxb5 Ne1 36. Nd6 Rxg2+ 37. Kh1 Re2 38. Bf4 Nd3 39. Bh2 Nb4 40.
Rb6 Nxa2 41. h4 Nc3 42. Bg1 Ne4 43. Nxe4 Rxe4 44. Kh2 Re2+ 45. Kg3 Rd3+ 46. Kf4
g5+ 47. hxg5 hxg5+ 48. Kxg5 Rg3+ 49. Kf4 Rxg1 50. Kf3 Rgg2 51. b4 Rgf2+ 52. Kg3
Rb2 53. Ra6 Rfc2 54. Kf4 Rxb4+ 55. Ke5 Kg7 0-1

[Event "Challenge"]
[Site "http://www.queenalice.com/game.php?id=1118291"]
[Date "2012.11.2"]
[Round "-"]
[White "Turtoise04"]
[Black "Harir"]
[Result "0-1"]
[WhiteElo "1735"]
[BlackElo "2286"]

1. e4 e5 2. Nf3 Nc6 3. Bb5 Nf6 4. O-O Bc5 5. Nxe5 Nxe5 6. d4 a6 7. Be2 Nxe4 8.
dxc5 Nxc5 9. Qd4 d6 10. f4 Ng6 11. Qxg7 Bf5 12. Qd4 Qe7 13. Nc3 O-O-O 14. b4 Na4
15. Rf2 Nxc3 16. Qxc3 Rhe8 17. b5 axb5 18. Qa5 Qf6 19. Rb1 c6 20. Bb2 Qe6 21.
Bd4 Qe4 22. Qa8+ Kd7 23. Qxb7+ Ke6 24. Re1 Rb8 25. Qa7 Ra8 26. Bc4+ d5 0-1

[Event "Winterzeit"]
[Site "http://www.queenalice.com/game.php?id=1127019"]
[Date "2012.11.30"]
[Round "1"]
[White "Islander"]
[Black "Harir"]
[Result "1/2-1/2"]
[WhiteElo "2247"]
[BlackElo "2301"]

1. e4 e5 2. Nf3 Nc6 3. Nc3 Bc5 4. Nxe5 Nxe5 5. d4 Bd6 6. dxe5 Bxe5 7. Bd3 Nf6 8.
O-O O-O 9. Bd2 d6 10. f4 Bd4+ 11. Kh1 c6 12. Qf3 Re8 13. Rae1 Bg4 14. Qg3 Qa5
15. Nb5 Qxd2 16. Nxd4 h5 17. e5 dxe5 18. fxe5 Nd5 19. h3 Be6 20. Qf3 Qh6 21.
Nxe6 fxe6 22. Qf7+ Kh8 23. Re4 Re7 24. Qf3 g5 25. h4 g4 26. Qf2 Ree8 27. Ree1
Rf8 28. Qd4 g3 29. c4 Rxf1+ 30. Rxf1 Qe3 31. Qxe3 Nxe3 32. Rf3 Nd1 33. Rxg3 Rd8
34. Be2 Nxb2 35. Rb3 Rd2 36. Bxh5 b6 37. c5 bxc5 38. Rc3 Rd4 39. Bf3 Rxh4+ 40.
Kg1 c4 41. Bxc6 Nd3 42. Bd7 Kg7 43. Bxe6 Nxe5 44. Ra3 Re4 45. Rxa7+ Kf6 46. Bxc4
1/2-1/2

[Event "Challenge"]
[Site "http://www.queenalice.com/game.php?id=1132940"]
[Date "2012.12.20"]
[Round "-"]
[White "hba111"]
[Black "Harir"]
[Result "1-0"]
[WhiteElo "2611"]
[BlackElo "2304"]

1. e4 e5 2. Nf3 Nc6 3. Bc4 Bc5 4. b4 Bxb4 5. c3 Bd6 6. d4 exd4 7. cxd4 Nge7 8.
a3 Ng6 9. Ng5 Qf6 10. Nxf7 Qxd4 11. Qxd4 Nxd4 12. Nxh8 Nc2+ 13. Kd1 Nxa1 14.
Nxg6 b5 15. Ba2 hxg6 16. Bb2 Kf8 17. Bxa1 a5 18. h4 Bb7 19. h5 gxh5 20. Rxh5
Bxe4 21. Nc3 Bxg2 22. Rf5+ Ke7 23. Nxb5 g6 24. Rf7+ Ke8 25. Nxd6+ cxd6 26. Rg7
Kd8 27. Rxg6 Bf3+ 28. Kd2 Kc7 29. Bc3 Kc6 30. Ke3 Bd5 31. Bxd5+ Kxd5 32. Bxa5
Kc6 33. Bb4 Re8+ 34. Kd4 Re6 35. Rxe6 dxe6 36. Bxd6 Kxd6 37. f4 Ke7 38. a4 Kd6
39. a5 1-0

[Event "Challenge"]
[Site "http://www.queenalice.com/game.php?id=1132941"]
[Date "2012.12.20"]
[Round "-"]
[White "Harir"]
[Black "hba111"]
[Result "0-1"]
[WhiteElo "2299"]
[BlackElo "2674"]

1. e4 e5 2. Nf3 Nc6 3. Bc4 Nf6 4. Nc3 Nxe4 5. O-O Nf6 6. d4 exd4 7. Nxd4 d5 8.
Bb5 Bd7 9. Bxc6 bxc6 10. Re1+ Be7 11. Qe2 Kf8 12. Bg5 Bd6 13. Qf3 h6 14. Bf4 c5
15. Bxd6+ cxd6 16. Nf5 Be6 17. Rad1 Rb8 18. Nxd5 Nxd5 19. Rxd5 Qf6 20. Qd3 Bxd5
21. Qxd5 Kg8 22. b3 Kh7 23. Rd1 Rhe8 24. Nxd6 Red8 25. h4 Qe7 26. Rd2 g6 27. Rd3
c4 28. Qxc4 Rxd6 29. Rxd6 Qxd6 30. Qxf7+ Kh8 31. c4 a6 32. Qf3 Kg7 33. Qe3 Rb7
34. c5 Qf6 35. g3 Re7 36. Qd2 Qf3 37. b4 h5 38. c6 Re2 39. Qxe2 Qxe2 40. a4 Qe1+
41. Kg2 Qxb4 42. c7 Qb7+ 43. f3 Qxc7 44. g4 Kf6 45. Kh3 Qc1 46. Kg2 Ke5 47. gxh5
Kf4 48. a5 Qc2+ 49. Kh3 Kxf3 50. hxg6 Qg2# 0-1

[Event "100-A"]
[Site "http://www.queenalice.com/game.php?id=1153147"]
[Date "2013.2.18"]
[Round "-"]
[White "Kir"]
[Black "Harir"]
[Result "1-0"]
[WhiteElo "2254"]
[BlackElo "2269"]

1. d4 d5 2. Bf4 Nc6 3. e3 Nf6 4. Bd3 e6 5. Nf3 Bb4+ 6. Nbd2 h6 7. O-O O-O 8. Ne5
Nxe5 9. dxe5 Nd7 10. Nb3 f5 11. a3 Be7 12. Nd4 Nc5 13. b4 Nxd3 14. cxd3 c6 15.
Qf3 a5 16. b5 c5 17. Nc2 a4 18. Rab1 1-0

[Event "Challenge"]
[Site "http://www.queenalice.com/game.php?id=1156075"]
[Date "2013.2.27"]
[Round "-"]
[White "Harir"]
[Black "hba111"]
[Result "0-1"]
[WhiteElo "2270"]
[BlackElo "2733"]

1. e4 c5 2. Nf3 Nc6 3. Bc4 Nf6 4. d3 e6 5. O-O a6 6. Qe2 d6 7. a4 Be7 8. Bf4 O-O
9. Ba2 b5 10. Nbd2 bxa4 11. Nc4 d5 12. exd5 exd5 13. Nce5 Nxe5 14. Nxe5 Bd6 15.
Rfe1 Re8 16. Qf3 Bb7 17. c4 Qc7 18. d4 cxd4 19. Nd3 Rxe1+ 20. Rxe1 dxc4 21. Bxd6
Qxd6 0-1

[Event "Challenge"]
[Site "http://www.queenalice.com/game.php?id=1156076"]
[Date "2013.2.27"]
[Round "-"]
[White "hba111"]
[Black "Harir"]
[Result "1-0"]
[WhiteElo "2732"]
[BlackElo "2271"]

1. e4 e5 2. Nf3 Nc6 3. Bb5 Bc5 4. c3 Nf6 5. d4 exd4 6. e5 Ne4 7. cxd4 a6 8. Ba4
b5 9. dxc5 bxa4 10. Qc2 f5 11. exf6 Nxf6 12. O-O O-O 13. Re1 Re8 14. Be3 d5 15.
cxd6 Qxd6 16. Qxa4 Bd7 17. Nbd2 Ne5 18. Qc2 Nxf3+ 19. Nxf3 Re6 20. Rad1 Qb4 21.
Qxc7 Rc8 22. Qa7 Bc6 23. Nd4 1-0

[Event "Winterzeit"]
[Site "http://www.queenalice.com/game.php?id=1163554"]
[Date "2013.3.22"]
[Round "2"]
[White "Harir"]
[Black "elrey"]
[Result "0-1"]
[WhiteElo "2290"]
[BlackElo "2223"]

1. e4 e5 2. Nf3 Nc6 3. Bc4 Bc5 4. O-O Nf6 5. d3 d6 6. Nc3 O-O 7. Bg5 h6 8. Bh4
Be6 9. Nd2 g5 10. Bg3 Bg4 11. Qc1 Nh5 12. Nb3 Bb6 13. Nd5 Qd7 14. a4 Be6 15. Qd1
Bg4 0-1